History Quiz

Random History or Famous Quiz

Notable Births (1911-1950) Quiz Stats

 Plays Quiz Updated Feb 17, 2020

Support Sporcle.
Go Orange.
Score 0/40 Timer 06:00
0 Plays Today
Clue Answer % Correct
Iron LadyMargaret Thatcher
85.9%
Bus BoycottRosa Parks
85.3%
Apartheid HeroNelson Mandela
84.7%
Missile CrisisJohn F. Kennedy
84.2%
Brazil SoccerPele
81.4%
Over RainbowJudy Garland
76.5%
Peanut FarmerJimmy Carter
73.2%
Heir ThronePrince Charles
68.1%
Campbell's SoupAndy Warhol
63.1%
Blowin' WindBob Dylan
62.8%
Polio VaccineJonas Salk
62.4%
Grill BoxerGeorge Foreman
62.3%
Berlin MistressEva Braun
61.4%
Rose BudOrson Welles
59.2%
On TonightJay Leno
58.8%
CNN MogulTed Turner
57.1%
Tutti FruttiLittle Richard
56.9%
Streetcar DesireTennessee Williams
56.1%
He's SpartacusKirk Douglas
55.9%
No CryBob Marley
51%
Clue Answer % Correct
Shower SceneJanet Leigh
49.6%
Tupelo KingElvis Presley
46.7%
Raging BullJake LaMotta
45.9%
Potatoe Vice Dan Quayle
45.7%
Say HeyWillie Mays
44.2%
Karol WojtyłaPope John Paul II
41.8%
Cube PlayErno Rubik
41.2%
Godfather DirectFrancis Ford Coppola
40.9%
Brief HistoryStephen Hawking
39.9%
Economy StupidBill Clinton
39.4%
Escape MotorcycleSteve McQueen
38.1%
Panama Dictator Manuel Noriega
37.5%
Federal ReserveAlan Greenspan
32.7%
Hot LipsLoretta Swit
31.3%
Peace ChanceYoko Ono
23.9%
Top WorldEdmund Hillary
20.8%
Shuttle DiplomacyHenry Kissinger
19.7%
U 2Gary Powers
17.5%
Closed DoorsJim Morrison
13.4%
Chekov StarWalter Koenig
6.5%

You're not logged in!

Compare scores with friends on all Sporcle quizzes.
OR
Log In

From the Vault

First-Letter Replacements

by FilipinoBreloom

Sometimes you just really need to replace some of your letters.
Remove Ads.
Support Sporcle.
Get the best of Sporcle when you Go Orange. This ad-free experience offers more features, more stats, and more fun while also helping to support Sporcle. Thank you for becoming a member.

Show Comments

Extras

Top Quizzes Today


Score Distribution

Your Account Isn't Verified!

In order to create a playlist on Sporcle, you need to verify the email address you used during registration. Go to your Sporcle Settings to finish the process.

Report this User

Report this user for behavior that violates our Community Guidelines.

Details: